Jurassic Park Decoder - Statistics

General Stats
  • This quiz has been taken 27 times
  • The average score is 10 of 13
Answer Stats
Hint Answer % Correct
Type of DNA that fills in the gaps Frog
100%
Name of the island Isla Nublar
94%
Name of the paleobotanist Ellie Sattler
89%
Number of dinosaur species mentioned in the film Nine
89%
The original color of the outline of the movie logo Yellow
89%
Name of the paleontologist Alan Grant
83%
Venom-spitting dinosaur that killed Dennis Nedry Dilophosaurus
83%
Company responsible for creating the dinosaurs InGen
83%
Name of Hammond's grandaughter Lex
72%
"Dinosaurs eat man. _____ inherits the earth" Woman
72%
What Dennis Nedry uses to steal the embryos Shaving cream can
61%
Last name of the actor of James Hammond, older brother of a famous narrator Attenborough
56%
Food that Hammond serves to Grant, Sattler and Malcom Fish
56%
No matching quizzes found
Score Distribution
Percent of People with Each Score
Percentile by Number Answered
Your Score History
You have not taken this quiz